000 00266nam a2200097Ia 4500
008 120527s9999 xx 000 0 und d
100 _aUKWU,Lawrence.
245 _aRealities of ADB operations and future challenges.
260 _bBennen&Tokel consultants
942 _cBK
999 _c23808
_d23808